000 00702nam a22002177a 4500
003 UA-OsUOA
001 7882
007 ta
008 20040722b un ||||| |||| 00| 0 ukr d
100 _aЗагородній А.
700 _aПартин Г.
942 _cSA
040 _aUA-OsUOA
_bukr
_cUA-OsUOA
_dUA-OsUOA
245 _aУправлінський облік як система інформаційного забезпечення управлінських рішень
300 _aС.35-38
955 _a0
041 _aukr
044 _aUA
773 0 _w0
_tБухгалтерський облік і аудит
_dК.
_d2004
_gN7
650 7 _aБухгалтерський облік
_2UDC
999 _c294043
_d294043